000 00363nam a22001217a 4500
008 230623b xxu||||| |||| 00| 0 eng d
082 _a328.93
_bNZ
100 _cOffice of the clerk of the House of Representatives
_d2005
245 _aEffective House Membership
_bA Guide for Members of Parliament
260 _aNew zealand
_c2005
300 _a60p
942 _2ddc
_cBK
999 _c2421
_d2421